| 000 | 00531nam a2200157Ia 4500 | ||
|---|---|---|---|
| 999 |
_c15506 _d15506 |
||
| 082 | _aTB.0116 | ||
| 100 | _aBajpai, P.C. | ||
| 245 | 0 | _aIndia's foreign exchange problem : An analytical study of the problem of scarcity of foreign exchange in India since | |
| 260 |
_c1970 _bAgra University |
||
| 300 | _a488p. | ||
| 650 | _aCURRENCY QUESTION///FOREIGN EXCHANGE PROBLEM | ||
| 650 | _aINTERNATIONAL LIQUIDITY///FOREIGN EXCHANGE PROBLEMS | ||
| 650 | _aFOREIGN EXCHANGE PROBLEM - INDIA | ||
| 710 | _aSeth, M.L. | ||
| 942 |
_cTH _2ddc |
||